| 000 | 02259cam a22004694i 4500 | ||
|---|---|---|---|
| 003 | PE-LiUPU | ||
| 005 | 20250731172941.0 | ||
| 008 | 150623s1997 ag r 000 0 eng d | ||
| 020 | _a038508658X | ||
| 035 | _a(Sirsi) i9780385086585 | ||
| 040 |
_aPE-LiUPU _bspa _cPE-LiUPU _erda |
||
| 049 | _aPRUA | ||
| 082 | 0 | 4 |
_a220.7 _bAB _221 |
| 100 | 1 |
_aAlbright, William F., _eautor. |
|
| 245 | 1 | 0 |
_aMatthew / _cpor W. F. Albright and C. S. Mann. |
| 264 | 1 |
_aNew York : _bDoubleday, _c1997. |
|
| 300 |
_a363 páginas ; _c24 centímetros |
||
| 336 |
_atext _2rdacontent |
||
| 337 |
_aunmediated _2rdamedia |
||
| 338 |
_avolume _2rdacarrier |
||
| 490 | 1 |
_aThe Anchor Bible ; _v26 |
|
| 505 | 0 | _aThe genealogy of Jesus -- The bird of Jesus -- The greeat instruction: The kingdom of heaven -- The great instruction: Anger -- An inquirir -- The gadarene demoniacs -- The question of authority -- The call of Matthew -- The mission of the twelve -- The coast of discipleship: Fear -- John's question and Jesus' testimony -- Denunciations -- The son's prayer. - Controversy over the law. - Healings, exorcisms, challenges. - Demand for a sign. - Parables of the kingdom -- Death of Jhon the Baptist -- The feeding -- Passion predications -- Blessing the children -- Warnings against legalism -- Lament over Jerusalem -- The coming persecution -- Parables of the kingdom -- Passover: Bethany -- Arrest before the council -- Burial of Jesus -- The resurrection of Jesus. | |
| 526 | _aSEG42 | ||
| 526 | _aSEG41 | ||
| 526 | _aSEG40 | ||
| 526 | _aSEG39 | ||
| 526 | _aP94 | ||
| 526 | _aP87 | ||
| 526 | _aP86 | ||
| 526 | _aP85 | ||
| 526 | _aP77 | ||
| 526 | _aP76 | ||
| 526 | _aP35 | ||
| 630 |
_aBiblia. _pN.T. _pMateo _xComentarios. |
||
| 700 | 1 |
_aMann, _eautor. |
|
| 942 |
_2ddc _cBOOK |
||
| 949 |
_a220.7 AB 26 _wDEWEY _c1 _i44559 _d2016-6-9 _e2016-6-8 _lCCODEBUL1 _mBUL _n3 _r0 _sY _tBOOK _u2015-6-24 _xTEOLOGIA _PP35 _0COMPRA _o.STAFF. Colección Teología |
||
| 994 |
_aC0 _bPEPRU |
||
| 596 | _a1 | ||
| 999 |
_a220.7 AB 26 _wDEWEY _c21444 _i44559 _d21444 _e2016-6-8 _f2021-11-9 _g5 _lCCODEBUL1 _mBUL _n3 _p30.00 _q8 _r0 _sY _tBOOK _u2015-6-24 _xTEOLOGIA _PP35 _0COMPRA _o.STAFF. Colección Teología |
||
| 980 |
_81 _gALBERTO SANCHEZ Responsable de Automatización |
||